| 000 | 00457nam a2200157Ia 4500 | ||
|---|---|---|---|
| 003 | IQ-KOUCL | ||
| 041 | _aArabic | ||
| 082 | _a215,1 cut-44 ب | ||
| 100 | _a20260118u\\\\\\\\\\\y0engy0103\\\\ba | ||
| 100 | _aابي عمر يوسف بن عبدالبر | ||
| 245 | 0 | _aصحيح جامع بيان العلم وفضله | |
| 250 | _aط1 | ||
| 260 |
_bجمعية احياء التراث الاسلامي _aالكويت _c2022 |
||
| 300 | _a546 | ||
| 942 | _cBk | ||
| 999 |
_c186284 _d186284 |
||